Immigration Deutschland - Statistiken

Allgemein
  • Dieses Quiz wurde 356 mal gespielt
  • Das Durchschnittsergebnis liegt bei 24 aus 30
Antwortstatistiken
Platz Land Anzahl % Korrekt
1. Türkei >5.000.000
98%
11. Russland 263.300
95%
2. Polen 866.690
94%
3. Syrien 818.460
94%
5. Italien 648.360
93%
17. Spanien 181.645
93%
20. China 145.610
92%
22. Frankreich 140.590
91%
26. Vereinigte Staaten 117.450
91%
16. Österreich 186.910
90%
21. Ukraine 145.510
88%
12. Irak 259.500
82%
19. Niederlande 150.530
82%
9. Afghanistan 271.805
81%
8. Griechenland 364.285
81%
24. Iran 123.400
81%
6. Kroatien 426.845
81%
4. Rumänien 799.180
81%
10. Serbien 264.565
81%
18. Indien 150.840
80%
23. Portugal 138.555
80%
28. Vereinigtes Königreich 91.375
78%
7. Bulgarien 388.700
76%
15. Bosnien und Herzegowina 211.335
72%
14. Ungarn 211.460
72%
29. Marokko 79.725
68%
13. Kosovo 242.855
63%
27. Vietnam 103.620
51%
25. Nordmazedonien 121.115
45%
30. Eritrea 75.735
23%
Keine übereinstimmenden Quizze gefunden
Verteilung der Resultate
Anzahl Personen mit jedem Resultat
Perzentil nach korrekt beantworteten Fragen
Ihre Resultats-Entwicklung
Sie haben dieses Quiz noch nicht gespielt